• 首页
  • 本馆介绍
  • 公告通知
  • 最新文献
  • 馆藏检索
  • 电子资源
  • 读者导购
  • 参考咨询
  • 我的图书馆
  • 登录
  • 详细信息显示
  • 放入我的书架
  • 预约/预借图书
  • 作者相关作品
  • 分类相关作品
  • 丛书相关作品
  • 出版社相关作品

书目信息

  • 表格格式
  • 工作单格式
  • 卡片格式
题名:
南怀瑾的16堂国学课
    
 
作者: 张笑恒 编著
分册:  
出版信息: 北京   中央编译出版社  2014.1
页数: 228页
开本: 24cm
丛书名:
单 册:
中图分类: Z126.27
科图分类:
主题词: 国学--guo xue--研究--中国 , 研究--yan jiu , 中国--zhong guo
电子资源:
ISBN: 978-7-5117-1850-1
000 00943nam0 22002771 450
001 1754463387
005 20170516112211.0
010    @a978-7-5117-1850-1@dCNY32.80
100    @a20131127d2014 em y0chiy50 ea
101 0  @achi
102    @aCN@b110000
105    @ay z 000yy
106    @ar
200 1  @a南怀瑾的16堂国学课@9nan huai jin de 16tang guo xue ke@f张笑恒编著
210    @a北京@c中央编译出版社@d2014.1
215    @a228页@d24cm
314    @a张笑恒,畅销书作者,主要著作有《北大哲学课》、《北大人文课》等。
330    @a本书从仁爱、寡欲、德行、自强、孝道、好学等多方面阐述了南怀瑾先生对中国传统文化的理解,展现了藏于经史典籍深处的智慧。
333    @a青年读者、国学爱好者及相关读者。
606 0  @a国学@9guo xue@x研究@y中国
606 0  @a研究@9yan jiu
606 0  @a中国@9zhong guo
690    @aZ126.27@v4
701  0 @a张笑恒@9zhang xiao heng@4编著
801  0 @aCN@b百万庄@c20170512
905    @b1004958-63@dZ126.27@e125@f6
    
    南怀瑾的16堂国学课/张笑恒编著.-北京:中央编译出版社,2014.1
    228页;24cm
    使用对象:青年读者、国学爱好者及相关读者。
    
    ISBN 978-7-5117-1850-1:CNY32.80
    本书从仁爱、寡欲、德行、自强、孝道、好学等多方面阐述了南怀瑾先生对中国传统文化的理解,展现了藏于经史典籍深处的智慧。
●
相关链接 在E读中查询图书 在五车中查询图书 在当当中查询图书 在豆瓣中查询图书


正题名:南怀瑾的16堂国学课     索取号:Z126.27/125         预约/预借

序号 登录号 条形码 馆藏地/架位号 状态 备注
1 1004958   210049589   第二样本阅览室/ [索取号:Z126.27/125] 在馆    
2 1004959   210049598   教育系资料室/ [索取号:Z126.27/125] 在馆    
3 1004960   210049605   教育系资料室/ [索取号:Z126.27/125] 在馆    
4 1004961   210049614   教育系资料室/ [索取号:Z126.27/125] 在馆    
5 1004962   210049623   第三借阅区/ [索取号:Z126.27/125] 在馆    
6 1004963   210049632   第三借阅区/ [索取号:Z126.27/125] 在馆    
唐山师范学院图书馆 欢迎您!
大连网信软件有限公司© 版权所有